Catalog

Record Details

Catalog Search



Studies in John  Cover Image Book Book

Studies in John / presented to professor Dr. J. N. Sevenster on the occasion of his seventieth birthday

Sevenster, J.N. (Author).

Record details

  • Physical Description: 220 s.
  • Publisher: Leiden : E.J. Brill, 1970

Available copies

  • 1 of 1 copy available at Common Catalog SPOK.

Holds

  • 0 current holds with 1 total copy.
Show All Copies
Location Call Number / Copy Notes Barcode Shelving Location Status Due Date
ETS Library 226.5 424470013303 Volný výběr Available -

LDR nam a22 i 4500
00147997
003CZ-PrJAB
00520210129185120.0
007ta
008210129s1970 ne e 000 0 eng
040 . ‡aABG450 ‡bcze ‡erda
08214. ‡a226.5
1001 . ‡aSevenster, J.N. ‡4aut
24510. ‡aStudies in John / ‡cpresented to professor Dr. J. N. Sevenster on the occasion of his seventieth birthday
264 1. ‡aLeiden : ‡bE.J. Brill, ‡c1970
300 . ‡a220 s.
336 . ‡atext ‡btxt ‡2rdacontent
338 . ‡asvazek ‡bnc ‡2rdacarrier
910 . ‡aABG450
995 . ‡aska
901 . ‡a47997 ‡b ‡c47997 ‡tbiblio

Additional Resources